Divinités de l'Olympe - Statistiques

Statistiques générales
  • Ce quiz a été pris 380 fois
  • Le résultat moyen est 15 sur 18
Statistiques - réponses
Fonction Quelques attributs / symboles Réponse % Correct
Dieu du ciel et de la foudre / Roi des dieux Tient un foudre (figure d'un éclair), chêne, aigle, taureau, trône Zeus
100%
Déesse de la sagesse, de la raison et de la stratégie guerrière Égide (arme magique), olivier, lance, casque, chouette Athéna
97%
Dieu du monde souterrain et des Enfers Toujours coiffé d'un casque en peau de chien, sceptre, cyprès, corne d'abondance, char Hadès
97%
Dieu de la mer et des chevaux Tient un trident, char attelé à des chevaux, poisson : trident, dauphin, mer, char aquatique Poséidon
97%
Déesse de l'amour, de la beauté et de la séduction Nudité, rose, coquillages, colombe, cygne, miroir Aphrodite
96%
Dieu de la guerre, des armes et de la violence Lance, casque, armure, chien, vautour, bouclier, pivert, sanglier Arès
92%
Dieu du vin et des fêtes, de la folie Grappe de raisin, panthère, lierre, pomme de pin, raisin, vigne Dionysos
91%
Dieu du mouvement, des voleurs, du commerce et des voyageurs / Messager des dieux Caducée, bourse d'argent, sandales ailées, casque Hermès
91%
Dieu du Soleil, de la musique, de l'archerie, de la prophétie et de la guérison Arc, lyre, flûte, laurier, corbeau, dauphin, soleil Apollon
89%
Déesse du mariage, des femmes et de la naissance Paon, sceptre, couronne Héra
88%
Déesse de la chasse, de la nature sauvage et de la lune Arc, croissant de lune, carquois, flèches d'argent, biche, ours. Artémis
85%
Dieu du feu, de la forge et des métaux Marteau, enclume, bouton d'or, âne, masse Héphaïstos
85%
Déesse de la fertilité, des céréales, des moissons et de l'agriculture Épis de blé, porc, tourterelle Déméter
76%
Dieu de l'amour et du cœur Arc, carquois, flèches, souvent des ailes Éros
68%
Dieu du vent Ailes toujours mouillées Éole
61%
Dieu des bergers, des troupeaux et de la nature sauvage Cornes de bouc, flûte à sept tuyaux, satyre, bâton du berger, rameau de pin Pan
61%
Déesse du foyer, du feu et de la maison Feu, foyer, amphore Hestia
58%
Dieu du soleil et de la lumière Couronne rayonnante, coq, chevauchant un char à travers le ciel Hélios
44%
Aucun quiz correspondant
Distribution des résultats
% des personnes avec chaque résultat
Percentile par nombre de réponses
Votre historique - résultats
Vous n’avez pas pris ce quiz